000 01812cam a2200481 4500
001 22696
003 SK-KTurca
005 20260420163328.0
008 230918s2023 xo a c 010 f slo
015 _aSNBA2023/10
020 _a9788056635261
_q(viazané)
040 _aSVKBB
_bslo
_cSVKBB
_dSNK
_erda
041 1 _aslo
_heng
044 _axo
_cSK
072 7 _a821.111-3
_xAnglická próza, anglicky písaná
_2konspekt
072 7 _a82-93
_xLiteratúra pre deti a mládež (beletria)
_2konspekt
080 _a821.111-31
_22011
080 _a82-93-053.4/.5
_22011
080 _a(093.3)
_22011
100 1 _aKirby, Katie,
_d1980-
_4aut
_4ill
240 1 4 _aThe Mega Complicated Crushes of Lottie Brooks
_lSlovensky
245 1 0 _aMega komplikované lásky Lottie Brooksovej
_cKatie Kirbyová ; z anglického originálu The Mega Complicated Crushes of Lottie Brooks ... preložila Nikoleta Frantová
250 _aPrvé slovenské vydanie
264 1 _aBratislava
_bFragment
_c2023
300 _a450 strán
_bčiernobiele ilustrácie
_c21 cm
336 _atext
_btxt
_2rdacontent
337 _abez média
_bn
_2rdamedia
338 _azväzok
_bnc
_2rdacarrier
500 _aVydalo vydavateľstvo Fragment v spoločnosti Albatros Media Slovakia, s. r. o.
500 _aObsahuje biografické údaje o autorke
521 8 _aPre čitateľov od 10 rokov
655 7 _aanglické romány
_2SNKPH
655 7 _aliteratúra pre deti
_2SNKPH
655 7 _adenníky
_2SNKPH
655 7 _aEnglish fiction
_2SNKPHeng
655 7 _aChildren's literature
_2SNKPHeng
655 7 _aDiaries
_2SNKPHeng
700 1 _aFrantová, Nikoleta
_4trl
710 2 _aAlbatros Media Slovakia.
_bFragment
_4pbl
787 0 8 _iZo série:
_tLottie Brooksová
_g3
942 _2ddc
_cKLDE
_n0
999 _c22696
_d22696